| 000 | 00756nam a22002417a 4500 | ||
|---|---|---|---|
| 003 | OSt | ||
| 005 | 20240607020943.0 | ||
| 006 | a | ||
| 008 | 240607b |||||||| |||| 00| 0 eng d | ||
| 020 | _a9789819410847 | ||
| 040 |
_aDWCL-Main lib. _cOc |
||
| 082 |
_2second edition _aCirc. 657.8 R331a 2012 |
||
| 100 | _a 657.8 R331a 2012 | ||
| 245 | _aAccounting principles using Excel for success / | ||
| 250 | _asecond edition | ||
| 260 |
_aSingapore : _bCengage Learning, _cc2012. |
||
| 300 |
_axxvi, _b1245 + p. : ill. ; _c26 cm. |
||
| 504 | _aIncludes appendices, glossary. | ||
| 650 | _a1. Microsoft Excel (Computer file). | ||
| 650 | _a2. Accounting–Data processing. | ||
| 700 | _aJames Reeve | ||
| 942 |
_2ddc _n0 _cBK-CIRC _esecond edition _kCirc. |
||
| 999 |
_c333 _d333 |
||